000 00727nam#a2200193#c#4500
999 _c5285
_d5285
003 IEF
005 20250303182749.0
007 ta
008 941205s1927 sp fr | 0||u|spa |u
040 _aES-MaIEF
_bspa
_cES-MaIEF
245 0 _aExtractos de las sentencias del Tribunal Económico-Administrativo Central y de los fallos de las Juntas Arbitrales de las Aduanas, remitidos a este Consejo durante el año 1926, en cumplimiento de lo preceptuado en el Real Decreto de14 de marzo de 1925
260 _aMadrid
_bReus
_c1927
300 _a620 p.
_c22 cm
650 4 _aJUNTAS ARBITRALES DE ADUANAS
_947542
650 4 _aESPAÑA
_941092
710 _932930
_aConsejo de Economía Nacional (España)
942 _cLIB